Obras espirituales del venerable Padre Luis de la Puente, de la Compañia de Jesus, natural de la ciudad de Valladolid

Detalles Bibliográficos
Autor principal: Puente, Luis de la 1554-1624
Formato: Libro
Lenguaje:Spanish
Publicado: en Madrid 1690
Materias:
Colección:Banco de datos
Acervo:Biblioteca de la Congregación del Oratorio de San Felipe Neri de México. Iglesia La Profesa
Descripción Física:t. f°
Tema general:Ascética
Notas:Portada tipográfica con orla, pleca y monograma de la Sociedad de Jesús en la grabado xilográfico. Falta portada al tomo cuatro (2765, 3886, 3887).Texto a dos columnas con apostillas marginales. Incluyen cabeceras de título en grabado xilográfico. Incluyen capitulares floreadas en grabado xilográfico. Cada tomo con portada y numeración propias. Año de los t. 3-4 publicados en 1690. Paginación: t. 3 [4] h., 384 p., [12] h.; t. 4 [1] h., 393 p., [14] h.; t. 4 [1] h., 407 p., [11] h. Encuadernación en pergamino (2765, 3884). Encuadernación en piel sobre cartón (3884-3887). Marca de fuego: Hospicio de San Felipe Neri, ciudad de México (2765). Sello en tinta de la Casa de Ejercicios del Sagrado Corazón de Jesús y Nuestra Sra. de los Ángeles (3887). Sello en tinta del Oratorio de San Felipe Neri de México. Biblioteca La Profesa, D.F. (2765, 3884-3886). Daños de polilla (3887)
LEADER 02180nam a22001930004500
035 |a 1599 
041 0 |a spa 
100 1 |a Puente, Luis de la  |d 1554-1624 
245 1 0 |a Obras espirituales del venerable Padre Luis de la Puente, de la Compañia de Jesus, natural de la ciudad de Valladolid 
260 |a en Madrid  |b por Juan Garcia Infanzon, impressor de libros  |c 1690 
300 |a  t.  |c f° 
500 |a Portada tipográfica con orla, pleca y monograma de la Sociedad de Jesús en la grabado xilográfico. Falta portada al tomo cuatro (2765, 3886, 3887).Texto a dos columnas con apostillas marginales. Incluyen cabeceras de título en grabado xilográfico. Incluyen capitulares floreadas en grabado xilográfico. Cada tomo con portada y numeración propias. Año de los t. 3-4 publicados en 1690. Paginación: t. 3 [4] h., 384 p., [12] h.; t. 4 [1] h., 393 p., [14] h.; t. 4 [1] h., 407 p., [11] h. Encuadernación en pergamino (2765, 3884). Encuadernación en piel sobre cartón (3884-3887). Marca de fuego: Hospicio de San Felipe Neri, ciudad de México (2765). Sello en tinta de la Casa de Ejercicios del Sagrado Corazón de Jesús y Nuestra Sra. de los Ángeles (3887). Sello en tinta del Oratorio de San Felipe Neri de México. Biblioteca La Profesa, D.F. (2765, 3884-3886). Daños de polilla (3887)  
504 |a Índices de capítulos, de las cosas más principales, de los lugares de la Sagrada Escritura y fe de erratas  
505 0 0 |a t. 3 El qual contiene el tercero, y quarto de los estados, como se verà en la pagina siguiente.-- t. 4 Guia espiritual , primera, y segunda parte, en que se trata de la oracion, meditacion, y contemplacion de las divinas visitas, y gracias extraordinarias de la mortificacion, y obras heroycas que la acompañan (3885).-- t. 4 De la perfeccion christiana christiana en todos los estados, y oficios, y ministerios de la gerarquia, y republica eclesiastica (2765, 3886, 3887) 
650 1 0 |a Ascética 
949 |a Iglesia La Profesa, Biblioteca t. 3 (2765, 3884); t. 4 (2765, 3885, 3886, 3887) 
942 |c PROFESA 
943 |g Biblioteca de la Congregación del Oratorio de San Felipe Neri de México. Iglesia La Profesa 
999 |c 948410  |d 948410